Normal view
MARC view
Entry Personal Name
001 - CONTROL NUMBER
- control field: 51604
003 - CONTROL NUMBER IDENTIFIER
- control field: ARRUPE
005 - DATE AND TIME OF LATEST TRANSACTION
- control field: 20220517091105.0
008 - FIXED-LENGTH DATA ELEMENTS
- fixed length control field: 220517|| aca||aabn | a|a d
040 ## - CATALOGING SOURCE
- Original cataloging agency: ARRUPE
- Transcribing agency: ARRUPE
100 ## - HEADING--PERSONAL NAME
- Personal name: Dolores, Marian
670 ## - SOURCE DATA FOUND
- Source citation: Work cat.: (ARRUPE)42474: Dolores, Marian, Creative personality in religious life